000 01060nac a22003377a 4500
001 BR0809745
003 BR-BrBNA
005 20240105123721.0
008 230509b bl.|||m| |||| 00| 0 por d
040 _aBR-BrBNA
_bpor
_cBiblioteca Nacional de Agricultura
072 _aF01
090 _a1910 BR0809745
100 1 _aGonçalves, J.O.N.
100 1 _aGirardi-Deiro, A.M.
100 1 _aMota, A.F. da
110 1 _aEMBRAPA Pecuária Sul, Bagé, RS (Brasil)
_93696
245 1 _aLimpeza de campo na Serra do Sudeste, RS: efeito do corte e queima de plantas linhosas, visando aumentar as áreas de pastoreio
260 3 _aBagé, RS (Brasil):
_c1997.
300 _a15 p.
490 _aCircular Técnica - EMBRAPA Pecuária Sul (Brazil)
_vno. 11
_xISSN 0100-8625
500 _a7 ref.
650 _aPLANTA LENHOSA
650 _aPASTEJO
650 _aCAMPO
650 _aVEGETAÇÃO
650 _aLIMPEZA
650 _aQUEIMADA
650 _aSISTEMA DE PRODUÇÃO
909 _a202312
_bLúcia Elande
_c55
_dLúcia Elande
942 _2AGRIS
_n0
_cMS
999 _c296682
_d296682